000 00386 a2200169 4500
001 184744
020 _a978-85-08-04728-4
040 _cMagnum
100 _aFurnari, Eva
240 1 0 _aA bruxa zelda e os 80 docinhos
_lpor
245 1 0 _aA bruxa zelda e os 80 docinhos
300 _a32
362 0 _a2000
440 1 _aÁtica
697 _aLITERATURA INFANTO-JUVENIL
942 _cBK
999 _c184744
_d184744